The Only Remaining European Capital… - Statistics

General Stats
  • This quiz has been taken 262 times
    233 since last reset
  • The average score is 25 of 45
Answers on the Map
Answers color-coded by a green-red scale on the quiz's map according to % correct below.
 
Answer Stats
The Only remaining Capital that… Capital % Correct
Has more tourists than Hong Kong London
99%
Is Bigger than Los Angeles Moscow
97%
Has more than 10M residents Paris
93%
Has been separated by a wall Berlin
88%
Is bigger than Libya (Population) Madrid
88%
Is In Another City Vatican City
85%
Has a name starting with Z Zagreb
85%
Is at least a foot under sea level Amsterdam
82%
Touches the North Sea and the Baltic Sea Copenhagen
82%
That is currently at war Kyiv
80%
Is on the Iberian Peninsula Lisbon
80%
existed 7000 years ago Athens
79%
In the Pyrenees Andorra la Vella
74%
Gets ist name from 2 cities that merged to create it Budapest
74%
Borders the Mediterranean Monaco
72%
Where Russian is the main language Minsk
71%
Is On an island over 100 square km Reykjavik
71%
Is in the Alps Vienna
70%
Is on an Island Dublin
69%
Is built on more than 10 islands Stockholm
69%
Is part of the Low Countries Brussels
66%
Over 1500 Meters (Elevation) Bern
62%
90% of its countries population lives in Valletta
62%
Was a sovereign country before year 500 San Marino
61%
Has a crown on it’s countries flag Vaduz
57%
Is in a Baltic country Vilnius
49%
To be more than 90% Muslim Pristina
47%
Uses the Krone (Currency) Oslo
45%
Has been the home of Albert Einstein Prague
44%
Has at least 40 immigrants per 1k residents Luxembourg
43%
Has a 4-letter name Riga
43%
Within 20 km of the Mediterranean Sea Rome
40%
Has at least 10 letters in its name Bratislava
35%
Is on the Coast Helsinki
35%
To have a team win the Champions League Belgrade
30%
To have hosted the Winter Olympics Sarajevo
26%
With more tourists than Cuba Tallinn
25%
Has a Population higher than Philadelphia Bucharest
21%
Is on the river Vardar Skopje
19%
Has a Population over 1M Sofia
19%
that is on average happier than Chile Warsaw
16%
30% of its country lives in Podgorica
14%
Has a Population under 300k Ljubljana
13%
Has a Population over 500k Tirana
13%
Is a Capital Chisinau
11%
No matching quizzes found
Score Distribution
Percent of People with Each Score
Percentile by Number Answered
Your Score History
You have not taken this quiz since the last reset